| 000 | 01093nam a22003377a 4500 | ||
|---|---|---|---|
| 001 | 0010315 | ||
| 003 | KOHA_MİRAKIL | ||
| 005 | 20260207001740.0 | ||
| 007 | ta | ||
| 008 | 110414b1998 tu a|||gr||||#||||0|eng | | ||
| 020 |
_a9756951249 _c0,01 |
||
| 040 |
_aTR-BiSEU _btur _cTR-BiSEU _erda |
||
| 041 | 0 | _aeng | |
| 044 | _ctu | ||
| 050 |
_aHG187.T8 _bA43 1998 |
||
| 100 | 1 | _aAkçaoğlu, Emin. | |
| 245 | 1 |
_aFinancial innovation in Turkish banking/ _cEmin Akçaoğlu ; Emin Akçaoğlu. |
|
| 264 | 1 |
_aAnkara : _bCapital Markets Board _c1998 |
|
| 300 | _axvi, 228 sayfa: resimli, tablo; 24 cm. | ||
| 336 |
_ametin _btxt _2rdacontent |
||
| 337 |
_aaracısız _bn _2rdamedia |
||
| 338 |
_acilt _bnc _2rdacarrier |
||
| 490 | 1 |
_aCapital Markets Board publication ; _vnumber: 127. |
|
| 500 | _aKaynakça var. | ||
| 650 | 0 |
_aFinance--Turkey. _910144 |
|
| 650 | 0 |
_aBanks and banking--Turkey. _910115 |
|
| 650 | 0 |
_aFinans--Türkiye. _919727 |
|
| 650 | 0 |
_aBankalar ve bankacılık--Türkiye. _98341 |
|
| 830 | 1 |
_aCapital Markets Board publication ; _vnumber: 127. _925331 |
|
| 942 |
_2lcc _cBK |
||
| 999 |
_c10287 _d10287 |
||